000 00852nam a2200277Ia 4500
001 Para_5236
003 CHAP
008 220125s1917 xx 000 0 und d
010 _a203610
040 _cCHAP
090 _aPA FOLLETO 2577
100 _aOrton, W. A
_984146
245 _aControl of diseases and insect enemies of the home vegetable garden /
_c W. A. Orton and F. H. Chíttenden
260 _aWashington :
_b Department of Agriculture
300 _a72 p.
440 _aEUA. Dept. of Agriculture Farmers'bull.; 856
_9169497
650 _aLegumbres
_x Plagas Legumbres
_x Enfermedades
_9169498
700 _aChittenden, F. H.
_922634
901 _aPA FOLLETO 2577
902 _aA
905 _a0000001917 WAS 0000000000 00
910 _a1917
942 _cPARA
942 _cPARA
_d1
999 _c203610
_d203610